[Event "Memorial Dijalma Caiafa"]
[Site "Rio de Janeiro"]
[Date "2016.08.30"]
[Round "1.1"]
[White "Frota, Alvaro"]
[Black "Tiomno, Luiz Sergio"]
[Result "1-0"]
[WhiteElo "2146"]
[BlackElo "1678"]
[EventType "Swiss"]
[EventRounds "6"]
[EventCountry "BRA"]

1. e4 e5 2. Nf3 d6 3. d4 exd4 4. Qxd4 Nc6 5. Bb5 Bd7 6. Bxc6 Bxc6 7. Nc3 Nf6
8. Bg5 Be7 9. O-O-O a6 10. e5 Bxf3 11. exf6 Bxd1 12. fxe7 Qd7 13. Qxg7 Qe6 14.
Qxh8+ Kd7 15. Qxa8 Bh5 16. Qd8+ {#r} 1-0

[Event "Memorial Dijalma Caiafa"]
[Site "Rio de Janeiro"]
[Date "2016.08.30"]
[Round "1.2"]
[White "Saldanha, Adriano"]
[Black "Rodrigues, Nei Jorge"]
[Result "0-1"]
[WhiteElo "1626"]
[BlackElo "2078"]
[EventType "Swiss"]
[EventRounds "6"]
[EventCountry "BRA"]

1. e4 e6 2. d4 a6 3. Nf3 Nf6 4. Bd3 c5 5. e5 Nd5 6. c4 Nb4 7. d5 exd5 8. cxd5
Nxd5 9. Qb3 Nc7 10. O-O Nc6 11. Bc4 Ne6 12. Bxe6 dxe6 13. Nc3 Qc7 14. Bf4 Be7
15. Ne4 O-O 16. Rfd1 b5 17. Qe3 Nb4 18. Bg5 Nd5 19. Rxd5 exd5 20. Bxe7 Qxe7
21. Nxc5 Bg4 {#R} 0-1

[Event "Memorial Dijalma Caiafa"]
[Site "Rio de Janeiro"]
[Date "2016.08.30"]
[Round "1.3"]
[White "Santos, Alberto"]
[Black "Von Calmbach, Guilherme"]
[Result "1-0"]
[WhiteElo "2076"]
[BlackElo "1624"]
[EventType "Swiss"]
[EventRounds "6"]
[EventCountry "BRA"]

1. d4 Nf6 2. f4 e6 3. Nf3 c5 4. e3 b6 5. Bd3 Bb7 6. O-O d6 7. c3 Nbd7 8. Qe2
Qc7 9. Nbd2 Be7 10. Ng5 h6 11. Nh3 d5 12. a4 a5 13. Nf2 g5 14. Ng4 h5 15. Ne5
gxf4 16. exf4 Nxe5 17. fxe5 Ng4 18. Nf3 O-O-O 19. Ng5 Bxg5 20. Bxg5 Rd7 21.
Qd2 Rf8 22. Bb5 Bc6 23. Bxc6 Qxc6 24. h3 f6 25. hxg4 hxg4 26. Bxf6 Rh7 27. Qg5
Qe8 28. Qxg4 Rg8 29. Qe2 Qg6 30. g4 Qh6 31. g5 Qh1+ 32. Kf2 Qh4+ 33. Ke3 cxd4+
34. cxd4 Qe4+ 35. Kd2 Qxd4+ 36. Ke1 Qb4+ 37. Kd1 Rh2 38. Qxh2 Qd4+ 39. Qd2
Qg4+ 40. Kc2 Kb7 41. b3 Rc8+ 42. Kb2 d4 43. Rfd1 Qe4 44. Rac1 Rc3 45. Rxc3
dxc3+ 46. Qxc3 Qe2+ 47. Rd2 {#r} 1-0

[Event "Memorial Dijalma Caiafa"]
[Site "Rio de Janeiro"]
[Date "2016.08.30"]
[Round "1.4"]
[White "Luz da Costa, Carlos"]
[Black "Soares, Estevao Luis"]
[Result "0-1"]
[WhiteElo "1585"]
[BlackElo "2023"]
[EventType "Swiss"]
[EventRounds "6"]
[EventCountry "BRA"]

1. d4 d6 2. Nf3 Nf6 3. Bf4 g6 4. Nbd2 Bg7 5. c3 O-O 6. h3 c5 7. e3 Nbd7 8. Bd3
b6 9. O-O Bb7 10. a4 a6 11. Qb3 Ra7 12. Rfe1 Qa8 13. Qd1 e5 14. dxe5 dxe5 15.
Nxe5 Nxe5 16. Bxe5 Bxg2 17. Bf1 Bc6 18. Be2 Rd7 19. Qb3 Rxd2 20. Qxb6 Nd5 {#R}
0-1

[Event "Memorial Dijalma Caiafa"]
[Site "Rio de Janeiro"]
[Date "2016.08.30"]
[Round "1.5"]
[White "Ramos Simoes, Leo"]
[Black "de Carvalho, Irahy"]
[Result "1-0"]
[WhiteElo "2016"]
[BlackElo "1555"]
[EventType "Swiss"]
[EventRounds "6"]
[EventCountry "BRA"]

1. c4 c5 2. b3 Nf6 3. Bb2 d6 4. e3 Nc6 5. a3 e5 6. Nc3 Be7 7. Bd3 Be6 8. Bc2
a6 9. Nge2 Qc7 10. O-O O-O 11. f4 exf4 12. Nxf4 Rad8 13. Qe1 Qc8 14. Qg3 Ne5
15. d4 cxd4 16. exd4 Ng6 17. d5 Bd7 18. Nce2 Nxf4 19. Nxf4 Bf5 20. Bxf5 Qxf5
21. Ne6 Qg6 22. Qxg6 hxg6 23. Nxf8 Rxf8 24. Rae1 Bd8 25. Re3 Ng4 26. Re4 Nf6
27. Ref4 Nh5 28. R4f3 f5 29. g4 Nf6 30. gxf5 g5 31. Re1 Ng4 32. Bd4 Ne5 33.
Bxe5 dxe5 34. Rxe5 g4 35. Rf1 Bf6 36. Re4 g3 37. hxg3 Kf7 38. g4 Be7 39. b4
Bd6 40. c5 Be7 41. d6 Bf6 42. Rfe1 g6 43. Re7+ Bxe7 44. Rxe7+ Kf6 45. Re6+ Kg7
46. Rxg6+ Kf7 47. Kf2 Rd8 48. Re6 Re8 49. Rxe8 Kxe8 {#r} 1-0

[Event "Memorial Dijalma Caiafa"]
[Site "Rio de Janeiro"]
[Date "2016.08.30"]
[Round "1.6"]
[White "da Luz, Luiz Alberto"]
[Black "Madeu, Fernando"]
[Result "0-1"]
[WhiteElo "1537"]
[BlackElo "2012"]
[EventType "Swiss"]
[EventRounds "6"]
[EventCountry "BRA"]

1. d4 d5 2. Nf3 Nf6 3. Bg5 e6 4. a3 c5 5. e3 Nc6 6. Be2 cxd4 7. exd4 Be7 8.
O-O O-O 9. c4 dxc4 10. Bxc4 Qb6 11. b4 Rd8 12. Be3 Nd5 13. Bxd5 exd5 14. h3
Bf5 15. Nc3 Rac8 16. Ne2 Bf6 17. Rc1 a5 18. Ne5 axb4 19. Nxc6 bxc6 20. Qb3 Qb5
21. Ng3 Bd3 22. Rfe1 bxa3 23. Qxa3 Ra8 24. Qc5 Bc4 25. Qxb5 cxb5 26. Nf5 b4
27. Ra1 Ra3 28. Bd2 Rxa1 29. Rxa1 b3 30. Bc3 Bd3 31. Ne3 Bc4 32. Bb2 g6 33. g3
Re8 34. Ra5 Rd8 35. h4 Rd6 36. Kh2 h5 37. Ra8+ Kg7 38. g4 hxg4 39. Nxg4 Bxh4
40. f4 Ra6 41. Rxa6 Bxa6 42. Ne5 Be1 43. Nd7 Bc4 44. Nc5 Kf6 45. Kg2 Kf5 46.
Kf3 Bd2 47. Na4 Bxf4 48. Nc3 Bd3 49. Ne2 Bxe2+ 50. Kxe2 Ke4 {#R} 0-1

[Event "Memorial Dijalma Caiafa"]
[Site "Rio de Janeiro"]
[Date "2016.08.30"]
[Round "1.7"]
[White "Lima, Juarez"]
[Black "Weibull, Oscar"]
[Result "1-0"]
[WhiteElo "1989"]
[BlackElo "1521"]
[EventType "Swiss"]
[EventRounds "6"]
[EventCountry "BRA"]

1. c4 c5 2. Nc3 Nc6 3. e3 Nf6 4. d4 e6 5. Nf3 d5 6. Be2 dxc4 7. O-O Be7 8.
Bxc4 a6 9. a4 O-O 10. b3 Qa5 11. Bd2 cxd4 12. Nd5 Qd8 13. Nxe7+ Qxe7 14. exd4
Ne4 15. Bc1 Rd8 16. Re1 Nc3 17. Qd3 Nd5 18. Qe4 Nf6 19. Qh4 Nb4 20. Bg5 Nc2
21. Bd3 Nxe1 22. Bxf6 Qxf6 23. Qxh7+ Kf8 24. Rxe1 b5 25. Be4 Ra7 26. Ne5 Bb7
27. Bxb7 Rxb7 28. Nc6 g6 29. Nxd8 Qxd8 30. Qh8+ Ke7 31. Qh4+ Ke8 32. Qe4 Rd7
33. axb5 axb5 34. Rd1 Rd5 35. f4 b4 36. g3 Ke7 37. h4 f5 38. Qe3 Qc8 39. Kh2
Qc2+ 40. Rd2 Qc1 41. Kg2 Ra5 42. Re2 Qc6+ 43. Qf3 Rd5 44. Kh2 Kd6 45. Kh3 Qc1
46. Qd3 Ra5 47. Rc2 Qh1+ 48. Rh2 Qg1 49. Qc4 Qd1 50. Qxb4+ Kd7 51. Qb7+ Ke8
52. Rf2 Qxd4 53. Rc2 Rc5 54. Ra2 Rd5 55. Qc8+ Ke7 56. Ra8 Rd8 57. Qxd8+ Qxd8
58. Rxd8 Kxd8 59. g4 Kc7 60. h5 fxg4+ 61. Kxg4 gxh5+ 62. Kxh5 Kc6 63. Kg5 Kd5
64. b4 Kc4 65. Kf6 Kxb4 66. Kxe6 {#r} 1-0

[Event "Memorial Dijalma Caiafa"]
[Site "Rio de Janeiro"]
[Date "2016.08.30"]
[Round "1.8"]
[White "Faraco, Pedro"]
[Black "Murilo, Sergio"]
[Result "0-1"]
[WhiteElo "1431"]
[BlackElo "1928"]
[EventType "Swiss"]
[EventRounds "6"]
[EventCountry "BRA"]

1. e4 e6 2. d4 d5 3. Nc3 dxe4 4. Nxe4 Nd7 5. Nf3 Ngf6 6. Bd3 Nxe4 7. Bxe4 Nf6
8. Bg5 Be7 9. Bxf6 Bxf6 10. Qd3 h6 11. O-O c6 12. c4 O-O 13. b3 c5 14. Rad1
cxd4 15. Nxd4 a6 16. Nf3 Qa5 17. Qc2 Qc7 18. h3 Rb8 19. Nh2 Be7 20. Rfe1 Bd7
21. Nf1 Rbd8 22. Ne3 Bc8 23. Rb1 Bb4 24. Red1 Bd7 25. Qe2 b5 26. a4 bxa4 27.
bxa4 a5 28. Qa2 Qe5 29. Bb7 Bc5 30. Rd3 Qc7 31. Ba6 Bc6 32. Rbd1 Be4 33. Rxd8
Rxd8 34. Rxd8+ Qxd8 35. Qe2 Qd4 36. Nc2 Qe5 { Arbitro acusou fim do tempo das
brancas.} {#R} 0-1

[Event "Memorial Dijalma Caiafa"]
[Site "Rio de Janeiro"]
[Date "2016.09.06"]
[Round "2.1"]
[White "Madeu, Fernando"]
[Black "Frota, Alvaro"]
[Result "0-1"]
[WhiteElo "2012"]
[BlackElo "2146"]
[EventType "Swiss"]
[EventRounds "6"]
[EventCountry "BRA"]

1. e4 e5 2. Nf3 Nc6 3. Bc4 Nf6 4. d3 Be7 5. O-O O-O 6. Nbd2 d6 7. c3 Na5 8.
Bb5 a6 9. Ba4 b5 10. Bc2 Re8 11. Re1 Bf8 12. Nf1 Be6 13. Ng3 c5 14. h3 g6 15.
Be3 Bg7 16. Qd2 Qc7 17. b3 d5 18. d4 Rad8 19. Nxe5 Nxe4 20. Nxe4 dxe4 21. Qe2
f6 22. Ng4 h5 23. Nh2 f5 24. Bg5 Rd7 25. Rac1 cxd4 26. cxd4 Qb6 27. Nf1 Nc6
28. Be3 Bxd4 29. Red1 Red8 30. Bb1 Ne5 31. Bxd4 Rxd4 32. Rxd4 Rxd4 33. Qe3 Qd6
34. Qg5 Kg7 35. Ne3 Bd7 36. Qd8 Bc6 37. Qg5 Qf6 38. Qxf6+ Kxf6 39. Rc5 f4 40.
Nf1 Ke6 41. Rc1 Kd6 42. Re1 Nd3 43. Rd1 Kc5 44. f3 Kb4 45. fxe4 Bxe4 46. Nh2
Kc3 47. Bxd3 Rxd3 48. Rxd3+ Kxd3 49. h4 Kc2 50. Nf1 Kb2 51. Nd2 Bd5 52. a4
Bxb3 53. axb5 axb5 54. Nf3 Bd5 55. Nd4 b4 56. Kf2 b3 57. Ne2 Kc2 58. Nd4+ Kd2
59. Nb5 b2 {#R} 0-1

[Event "Memorial Dijalma Caiafa"]
[Site "Rio de Janeiro"]
[Date "2016.09.06"]
[Round "2.2"]
[White "Rodrigues, Nei Jorge"]
[Black "Lima, Juarez"]
[Result "1-0"]
[WhiteElo "2078"]
[BlackElo "1969"]
[EventType "Swiss"]
[EventRounds "6"]
[EventCountry "BRA"]

1. d4 e6 2. Nf3 Nf6 3. e3 Nc6 4. c4 d5 5. Nc3 Bb4 6. Bd3 Ne4 7. Bxe4 dxe4 8.
Nd2 Bxc3 9. bxc3 f5 10. Qh5+ g6 11. Qh6 Qf6 12. f3 exf3 13. gxf3 Bd7 14. h4
O-O-O 15. Ba3 Rhg8 16. Qg5 Qg7 17. O-O-O h6 18. Qg3 e5 19. Nb3 Qf6 20. d5 f4
21. Qe1 Nb8 22. Nc5 Rge8 23. e4 Na6 24. Nd3 Rg8 25. Qf2 Kb8 26. Rd2 Ka8 27.
Rb2 g5 28. hxg5 Rxg5 29. Nc5 Bc8 30. Nxa6 Qxa6 31. Be7 Rdg8 32. Bxg5 hxg5 33.
Qc5 g4 34. fxg4 Bxg4 35. Rg1 b6 36. Qc6+ Kb8 37. d6 cxd6 38. Qxd6+ Kc8 39.
Rxg4 Rd8 40. Qe6+ Kb7 41. Rg7+ Ka8 42. Qc6+ {#r} 1-0

[Event "Memorial Dijalma Caiafa"]
[Site "Rio de Janeiro"]
[Date "2016.09.06"]
[Round "2.3"]
[White "Murilo, Sergio"]
[Black "Santos, Alberto"]
[Result "1/2-1/2"]
[WhiteElo "1928"]
[BlackElo "2078"]
[EventType "Swiss"]
[EventRounds "6"]
[EventCountry "BRA"]

1. e4 e6 2. Nc3 d5 3. g3 d4 4. Nce2 e5 5. d3 c5 6. f4 Nc6 7. Nf3 Bd6 8. Bg2
Qc7 9. O-O f6 10. fxe5 Nxe5 11. Nxe5 Bxe5 12. Nf4 Ne7 13. b3 Bd7 14. Nh5 O-O
15. Bd2 b5 16. Qe2 a5 17. Nf4 Qd6 18. a4 b4 19. Rab1 Rae8 20. Rbe1 Ng6 21. Qh5
Ne7 22. Qd1 Qc7 23. Qe2 Qc8 24. Bf3 Bc7 25. Qd1 Nc6 26. Nd5 Bd8 27. Bg2 Ne5
28. Bf4 Bg4 29. Qc1 Bh3 30. Qd1 Bg4 31. Qc1 h5 32. h4 Bh3 33. Qd1 Bxg2 34.
Kxg2 Qg4 35. Bxe5 fxe5 36. Qxg4 hxg4 37. Rd1 g6 38. Rxf8+ Rxf8 39. Rf1 Rxf1
40. Kxf1 {#d} 1/2-1/2

[Event "Memorial Dijalma Caiafa"]
[Site "Rio de Janeiro"]
[Date "2016.09.03"]
[Round "2.5"]
[White "Pinon, Antonio"]
[Black "Ramos Simoes, Leo"]
[Result "0-1"]
[WhiteElo "1833"]
[BlackElo "2016"]
[EventType "Swiss"]
[EventRounds "6"]
[EventCountry "BRA"]

1. d4 c5 2. d5 g6 3. e4 Bg7 4. Nc3 d6 5. Nf3 a6 6. a4 Nf6 7. h3 e6 8. g3 O-O
9. Bg2 exd5 10. exd5 Re8+ 11. Be3 Nbd7 12. O-O Rb8 13. Qd2 Nb6 14. b3 Ne4 15.
Nxe4 Bxa1 16. Rxa1 Rxe4 17. Nh4 Re8 18. a5 Nd7 19. Bg5 f6 20. Be3 Qe7 21. Ra4
Ne5 22. Re4 f5 23. Bg5 Qc7 24. Re3 Bd7 25. Bf4 Nf7 26. Nf3 Rxe3 27. Bxe3 Re8
28. Qc3 Qd8 29. h4 h6 30. b4 cxb4 31. Qxb4 Bc8 32. Nd4 Qf6 33. c4 g5 34. Nf3
f4 35. Bd4 Qf5 36. Kh2 g4 37. Ng1 f3 38. Bf1 Qe4 39. c5 Qxd5 40. Bc4 dxc5 41.
Bxc5 Qf5 42. Ba2 Re4 43. Qb3 Be6 44. Qxb7 Qxc5 45. Qb8+ Kh7 {#R} 0-1

[Event "Memorial Dijalma Caiafa"]
[Site "Rio de Janeiro"]
[Date "2016.09.06"]
[Round "2.7"]
[White "Rabello, David"]
[Black "Negreiros, Diogenes"]
[Result "1-0"]
[WhiteElo "1838"]
[BlackElo "1734"]
[EventType "Swiss"]
[EventRounds "6"]
[EventCountry "BRA"]

1. e4 c5 2. Nf3 d6 3. c3 Nf6 4. Be2 g6 5. O-O Bg7 6. Re1 O-O 7. Bc4 Nc6 8. d3
Na5 9. Bb5 a6 10. Ba4 b5 11. Bc2 Bb7 12. Bg5 Qc7 13. Nbd2 Nc6 14. d4 cxd4 15.
cxd4 Nb4 16. Bb1 Rac8 17. Qb3 Qa5 18. a3 Nc6 19. Qd3 b4 20. Ba2 e6 21. Nc4 Qb5
22. a4 Qxa4 23. Bb3 Qb5 24. Ba4 Ne5 25. dxe5 Qxc4 26. Qxc4 Rxc4 27. Bxf6 Rfc8
28. Bxg7 Kxg7 29. exd6 Bxe4 30. Ne5 R4c5 31. Rxe4 f5 32. Ree1 Kg8 33. d7 Rd8
34. Rad1 Rc7 35. Rd6 a5 36. Rxe6 Kf8 37. Re8+ {#r} 1-0

[Event "Memorial Dijalma Caiafa"]
[Site "Rio de Janeiro"]
[Date "2016.09.06"]
[Round "2.8"]
[White "Silveira, Jorge"]
[Black "da Luz, Luiz Alberto"]
[Result "1/2-1/2"]
[WhiteElo "1712"]
[BlackElo "1537"]
[EventType "Swiss"]
[EventRounds "6"]
[EventCountry "BRA"]

1. Nf3 Nf6 2. g3 d5 3. Bg2 b6 4. O-O Bb7 5. d4 e6 6. c4 c5 7. Bg5 Nbd7 8. cxd5
Bxd5 9. Nc3 Bxf3 10. Bxf3 Rb8 11. Bf4 Rc8 12. Nb5 Nd5 13. Bxd5 exd5 14. Nd6+
Bxd6 15. Bxd6 Nf6 16. Be5 O-O 17. b3 Qe7 18. Bxf6 Qxf6 19. dxc5 Rxc5 20. e3
Rd8 21. Re1 h6 22. Re2 Qf3 23. Rd2 Qe4 24. a3 a5 25. Rd4 Qc2 26. b4 Qxd1+ 27.
Raxd1 axb4 28. Rxb4 b5 29. Rdb1 Rc3 30. R4b3 Rxb3 31. Rxb3 Rb8 32. Kf1 Kf8 33.
Ke2 Ke7 34. Kd3 Kd6 35. Kd4 f6 36. f4 f5 37. Rc3 Ra8 38. Kd3 Ra4 39. Ke2 d4
40. Rd3 Kd5 41. Kf3 g6 42. h3 b4 43. Rxd4+ Kc5 44. axb4+ Rxb4 45. Rxb4 Kxb4
46. e4 Kc5 47. e5 Kd5 48. g4 Ke6 49. Kg3 g5 50. h4 gxf4+ 51. Kxf4 fxg4 52.
Kxg4 {#d} 1/2-1/2

[Event "Memorial Dijalma Caiafa"]
[Site "Rio de Janeiro"]
[Date "2016.09.06"]
[Round "2.9"]
[White "Tiomno, Luiz Sergio"]
[Black "Faraco, Pedro"]
[Result "1-0"]
[WhiteElo "1646"]
[BlackElo "1431"]
[EventType "Swiss"]
[EventRounds "6"]
[EventCountry "BRA"]

1. e4 c5 2. g3 Nc6 3. Bg2 Nf6 4. d3 d5 5. Bg5 dxe4 6. Bxf6 exf6 7. Bxe4 Qb6 8.
b3 Bd6 9. c3 O-O 10. Ne2 Bh3 11. Nd2 f5 12. Nc4 Qc7 13. Bf3 Rad8 14. Qc2 b5
15. Nxd6 Rxd6 16. O-O-O Ne5 17. Ng1 Nxf3 18. Nxh3 Rfd8 19. Nf4 Ne5 20. Rhe1
Nf3 21. Rh1 Qd7 22. c4 Nd4 23. Qb2 bxc4 24. dxc4 Ne6 25. Nd5 Nc7 26. Nc3 Qe7
27. Rxd6 Rxd6 28. Rd1 Qg5+ 29. f4 Rxd1+ 30. Nxd1 Qe7 31. Qd2 g6 32. Ne3 Ne6
33. Nd5 Qd8 34. Qe3 Kf8 35. Qe5 Ng7 36. Nf6 h5 37. Qxc5+ Qe7 38. Nh7+ Ke8 39.
Qc8+ Qd8 40. Qc6+ { Fim do tempo das negras} {#r} 1-0

[Event "Memorial Dijalma Caiafa"]
[Site "Rio de Janeiro"]
[Date "2016.09.06"]
[Round "2.11"]
[White "Weibull, Oscar"]
[Black "Saldanha, Adriano"]
[Result "0-1"]
[WhiteElo "1521"]
[BlackElo "1626"]
[EventType "Swiss"]
[EventRounds "6"]
[EventCountry "BRA"]

1. Nc3 e5 2. Nf3 Nc6 3. d4 exd4 4. Nxd4 Bc5 5. Nf5 Qf6 6. e4 Nge7 7. Bd3 d6 8.
O-O Bxf5 9. exf5 O-O-O 10. Ne4 Qe5 11. Nxc5 dxc5 12. Re1 Qf6 13. Qg4 Ne5 14.
Qg5 Nxd3 15. cxd3 Nxf5 16. Qg4 Rd4 17. Re4 h5 18. Qh3 g5 19. f3 Rxd3 20. g4
Rd1+ 21. Kg2 hxg4 22. Qxg4 Rxc1 23. Rxc1 Qxb2+ 24. Kf1 Qxc1+ 25. Kg2 Qd2+ 26.
Kf1 Qd1+ 27. Kg2 Qd7 28. Qxg5 f6 29. Qxf6 Rg8+ 30. Kf1 Qd1+ 31. Kf2 Qg1+ 32.
Ke2 Qxh2+ 33. Kd3 Rd8+ 34. Kc3 Qd2+ 35. Kb3 Nd4+ 36. Rxd4 Qxd4 {#R} 0-1

[Event "Memorial Dijalma Caiafa"]
[Site "Rio de Janeiro"]
[Date "2016.09.13"]
[Round "3.1"]
[White "Frota, Alvaro"]
[Black "Soares, Estevao Luis"]
[Result "1-0"]
[WhiteElo "2146"]
[BlackElo "2032"]
[EventType "Swiss"]
[EventRounds "6"]
[EventCountry "BRA"]

1. e4 g6 2. d4 Bg7 3. Nc3 d6 4. f4 Nf6 5. Nf3 a6 6. Bd3 c5 7. dxc5 dxc5 8. e5
Ng4 9. h3 Nh6 10. g4 Nc6 11. Be3 Nd4 12. Nxd4 cxd4 13. Bxd4 O-O 14. Be4 f5 15.
exf6 exf6 16. Bd5+ Kh8 17. O-O Qd6 18. Qf3 Be6 19. Rad1 Bxd5 20. Nxd5 Rac8 21.
Bc3 Qc5+ 22. Kg2 Rf7 23. Rf2 Re8 24. Re2 Rxe2+ 25. Qxe2 Qc6 26. Kh2 Ng8 27.
Kg3 Rd7 28. Nb4 Qc7 29. Rxd7 Qxd7 30. Qd3 Qc7 31. Nd5 Qd6 32. Qd4 g5 33. Kf3
h6 34. Qe4 b5 35. Ne3 Qe7 36. Nf5 Qc5 37. Kg2 Qc7 38. h4 gxf4 39. Kf3 Qd7 40.
Ke2 f3+ 41. Qxf3 Qe6+ 42. Qe3 Qc4+ 43. Kf3 Qd5+ 44. Kg3 h5 45. Nxg7 Kxg7 46.
Qg5+ Qxg5 47. hxg5 Kg6 48. gxf6 hxg4 49. Kxg4 Nh6+ 50. Kf4 Nf7 51. Be5 Nd8 52.
Ke4 Nc6 53. a3 Kf7 54. Kd5 Na5 55. b3 Nb7 56. Bc7 { Tempo} {#r} 1-0

[Event "Memorial Dijalma Caiafa"]
[Site "Rio de Janeiro"]
[Date "2016.09.13"]
[Round "3.2"]
[White "Alves Rolim, Carlos"]
[Black "Rodrigues, Nei Jorge"]
[Result "1/2-1/2"]
[WhiteElo "1925"]
[BlackElo "2078"]
[EventType "Swiss"]
[EventRounds "6"]
[EventCountry "BRA"]

1. d4 Nf6 2. c4 b6 3. f3 e6 4. e4 Bb4+ 5. Nc3 O-O 6. Bd3 d5 7. e5 Ne8 8. Ne2
c5 9. a3 cxd4 10. axb4 dxc3 11. cxd5 cxb2 12. Bxb2 Qh4+ 13. g3 Qxb4+ 14. Bc3
Qc5 15. d6 Bb7 16. Bd4 Qc8 17. Rc1 Qd8 18. O-O f6 19. f4 Nd7 20. Qc2 g6 21.
Nc3 Rc8 22. Qa2 Ng7 23. Qxa7 fxe5 24. fxe5 Rxf1+ 25. Rxf1 Bc6 26. Qa2 Qg5 27.
Qe2 Nf5 28. Bxf5 gxf5 29. Nd1 Rf8 30. Rf4 Ra8 31. Ne3 Qg7 32. Qc4 Nc5 33. Bxc5
Ra1+ 34. Rf1 Rxf1+ 35. Kxf1 Qd7 36. Qb3 bxc5 37. Kf2 Kg7 38. Qb8 Bb5 39. g4 f4
40. Ng2 f3 41. Nh4 c4 42. Nxf3 c3 43. Nd4 Qf7+ 44. Ke3 c2 45. Nxc2 Qf1 46.
Qb7+ Kh6 47. g5+ Kxg5 48. Qg7+ Kh4 49. Qg3+ Kh5 50. Qf3+ Qxf3+ 51. Kxf3 Kg5
52. Ke4 h5 53. Kf3 Bc6+ 54. Kg3 h4+ 55. Kh3 Bb5 56. Kg2 Kf4 57. Nd4 Bd7 58.
Nf3 Bc6 59. Kf2 h3 60. Nd4 Bd7 61. Nf3 Bc6 62. Nd4 Bd7 63. Nf3 Bc6 64. Nd4 Bd7
{#d} 1/2-1/2

[Event "Memorial Dijalma Caiafa"]
[Site "Rio de Janeiro"]
[Date "2016.09.13"]
[Round "3.3"]
[White "Ramos Simoes, Leo"]
[Black "Murilo, Sergio"]
[Result "1-0"]
[WhiteElo "2016"]
[BlackElo "1928"]
[EventType "Swiss"]
[EventRounds "6"]
[EventCountry "BRA"]

1. c4 Nf6 2. b3 g6 3. Bb2 Bg7 4. Nf3 O-O 5. g3 d6 6. Bg2 Nbd7 7. O-O c6 8. d3
Qc7 9. Nbd2 b6 10. Rc1 Bb7 11. e4 Rad8 12. Qe2 Ne8 13. Bxg7 Nxg7 14. d4 c5 15.
d5 Bc8 16. Rfe1 Ne5 17. Nxe5 dxe5 18. Qe3 Nh5 19. h3 Kg7 20. Kh2 h6 21. Bf3
Nf6 22. g4 Qd7 23. Be2 Nh7 24. Rg1 g5 25. Nf1 Qd6 26. Ng3 Nf6 27. Nf5+ Bxf5
28. gxf5 Nh7 29. Rg3 Rh8 30. h4 f6 31. Qf3 Qd7 32. Rh1 Qe8 33. Kg2 Qf7 34. Qe3
Qg8 35. f4 exf4 36. Qxf4 Qe8 37. e5 Qd7 38. e6 Kf8 39. Qe3 Qd6 40. Qf3 gxh4
41. Rxh4 Ng5 42. Qh5 Rh7 43. Qg6 Rg7 44. Qxh6 Qe5 45. Qh8+ Rg8 46. Qh6+ Rg7
47. Bf3 Qb2+ 48. Kh1 Qc1+ 49. Rg1 Qxg1+ 50. Kxg1 Nxf3+ 51. Kf2 Nxh4 52. Qh8+
Rg8 53. Qxh4 Rg5 54. Ke3 Kg7 55. Ke4 Rh8 56. Qf4 Rh3 57. d6 exd6 58. Kd5 Rd3+
59. Kc6 Rd4 60. Qf3 Kg8 61. e7 Kf7 62. Kd7 Kg7 63. e8=Q Rh4 64. Qe7+ Kh8 65.
Qa8+ Rg8 66. Qxf6+ {#r} 1-0

[Event "Memorial Dijalma Caiafa"]
[Site "Rio de Janeiro"]
[Date "2016.09.13"]
[Round "3.4"]
[White "Santos, Alberto"]
[Black "Madeu, Fernando"]
[Result "1-0"]
[WhiteElo "2078"]
[BlackElo "2012"]
[EventType "Swiss"]
[EventRounds "6"]
[EventCountry "BRA"]

1. d4 d5 2. f4 Nf6 3. Nf3 Nc6 4. e3 a6 5. c3 Bf5 6. Be2 e6 7. O-O Be7 8. Bd2
Ne4 9. Be1 b5 10. b4 O-O 11. a4 Nd6 12. Nbd2 f6 13. Bf2 Qd7 14. Nh4 Be4 15.
Nhf3 Bf5 16. Ne1 Rab8 17. Nd3 Bxd3 18. Bxd3 e5 19. Nb3 Nc4 20. axb5 axb5 21.
Qc2 e4 22. Be2 Ra8 23. Nc5 Bxc5 24. dxc5 Ne7 25. g4 c6 26. h3 h5 27. Rfd1 Qe6
28. Kg2 hxg4 29. hxg4 Kf7 30. Ra2 Rfb8 31. Rda1 Qc8 32. Ra7 Rxa7 33. Rxa7 Rb7
34. Qa2 Qc7 35. Ra8 Rb8 36. Rxb8 Qxb8 37. Qa6 Qc7 38. Bg1 Ng6 39. Bxc4 bxc4
40. Bh2 Nh4+ 41. Kf2 Nf3 42. Bg3 Nd2 43. f5 Qd7 44. b5 cxb5 45. c6 Qd6 46. c7
d4 47. cxd4 Qb4 48. Qe6+ {#r} 1-0

[Event "Memorial Dijalma Caiafa"]
[Site "Rio de Janeiro"]
[Date "2016.09.13"]
[Round "3.5"]
[White "Lima, Juarez"]
[Black "Rovedo, Salomao"]
[Result "1-0"]
[WhiteElo "1989"]
[BlackElo "1628"]
[EventType "Swiss"]
[EventRounds "6"]
[EventCountry "BRA"]

1. d4 Nf6 2. c4 e6 3. Bg5 Be7 4. Nc3 h6 5. Bh4 d5 6. Nf3 O-O 7. e3 Nbd7 8. Qc2
b6 9. Bd3 dxc4 10. Bxc4 Bb7 11. O-O-O Nh7 12. Bxe7 Qxe7 13. e4 Ng5 14. Kb1
Rfd8 15. h4 Nh7 16. g4 Ndf8 17. Rhg1 Qf6 18. Qe2 Ng6 19. g5 hxg5 20. hxg5 Qe7
21. Qe3 c5 22. d5 exd5 23. Bxd5 Re8 24. e5 Rad8 25. Rge1 Bc8 26. Qe4 Nhf8 27.
Bc6 Rxd1+ 28. Rxd1 Rd8 29. Rxd8 Qxd8 30. Kc1 Ne6 31. Bd5 Nxg5 32. Qxg6 Be6 33.
Qxg5 {#r} 1-0

[Event "Memorial Dijalma Caiafa"]
[Site "Rio de Janeiro"]
[Date "2016.09.13"]
[Round "3.7"]
[White "Von Calmbach, Guilherme"]
[Black "Pinon, Antonio"]
[Result "1-0"]
[WhiteElo "1624"]
[BlackElo "1833"]
[EventType "Swiss"]
[EventRounds "6"]
[EventCountry "BRA"]

1. e4 g6 2. d4 Bg7 3. Nf3 d6 4. Nc3 a6 5. Bc4 Nd7 6. Ng5 Nh6 7. Bxf7+ Nxf7 8.
Ne6 b5 9. Nd5 Bh6 10. Ndxc7+ Qxc7 11. Nxc7+ Kd8 12. Nxa8 Bb7 13. Bxh6 Nxh6 14.
Qd2 Nf7 15. Qa5+ Ke8 16. Nc7+ Kf8 17. Ne6+ Kg8 18. Qc7 {#r} 1-0

[Event "Memorial Dijalma Caiafa"]
[Site "Rio de Janeiro"]
[Date "2016.09.13"]
[Round "3.9"]
[White "Luz da Costa, Carlos"]
[Black "Silveira, Jorge"]
[Result "0-1"]
[WhiteElo "1593"]
[BlackElo "1712"]
[EventType "Swiss"]
[EventRounds "6"]
[EventCountry "BRA"]

1. d4 Nf6 2. Nf3 g6 3. Bf4 Bg7 4. e3 O-O 5. Be2 c5 6. c3 cxd4 7. exd4 d6 8.
O-O Nh5 9. Be3 e5 10. Nbd2 Re8 11. dxe5 dxe5 12. Qc2 Nc6 13. Rad1 Bf5 14. Ne4
Qc7 15. Nfd2 Nf6 16. Bd3 Nxe4 17. Bxe4 Be6 18. Nb3 Rad8 19. Rxd8 Rxd8 20. Rd1
b6 21. Rxd8+ Nxd8 22. Qd1 Nc6 23. a3 Ne7 24. Na1 f5 25. Bf3 Kf7 26. Nc2 a5 27.
Be2 f4 28. Bc1 Bc4 29. Ne1 Bxe2 30. Qxe2 Nf5 31. Nf3 h6 32. Nd2 Qc6 33. Qc4+
Qxc4 34. Nxc4 Ke6 35. Nxb6 Nd6 36. c4 g5 37. b3 Ne4 38. f3 Nc5 39. b4 axb4 40.
axb4 Nb3 41. Bb2 Bf8 42. c5 Nxc5 43. Bxe5 Kxe5 44. Nc4+ Kd5 45. Nb6+ Kc6 46.
bxc5 Bxc5+ 47. Kf1 Bxb6 48. Ke2 Kd5 49. Kd3 Bg1 50. h3 h5 51. Kc3 Ke5 52. Kd3
Kf5 53. Ke2 g4 54. hxg4+ hxg4 55. fxg4+ Kxg4 56. Kf1 Be3 57. Ke2 Kg3 58. Kf1
Bc5 59. Ke2 Kxg2 {#R} 0-1

[Event "Memorial Dijalma Caiafa"]
[Site "Rio de Janeiro"]
[Date "2016.09.12"]
[Round "3.11"]
[White "Negreiros, Diogenes"]
[Black "Weibull, Oscar"]
[Result "1-0"]
[WhiteElo "1734"]
[BlackElo "1521"]
[EventType "Swiss"]
[EventRounds "6"]
[EventCountry "BRA"]

1. e4 e5 2. Nf3 Nf6 3. Nxe5 d6 4. Nf3 Nxe4 5. d3 Nf6 6. Bg5 Be7 7. g3 Nc6 8.
Bg2 O-O 9. O-O Ng4 10. Bxe7 Qxe7 11. Re1 Qf6 12. Nc3 h5 13. Qd2 Bd7 14. d4
Rae8 15. h3 Nh6 16. Nd5 Qd8 17. Nf4 Nf5 18. Nxh5 Rxe1+ 19. Rxe1 Re8 20. c3 Na5
21. Rxe8+ Bxe8 22. Qf4 g6 23. Ng5 Bd7 24. g4 Nh6 25. Nf6+ Kg7 26. Nge4 d5 27.
Qg5 Nc6 28. Nh5+ Kg8 29. Qxh6 {#r} 1-0